000
00232 a2200085 4500
020
_a
9781780679136
100
_a
Robson David
245
_a
In Search of Bawa: Master Architect of Sri Lanka
260
_b
Laurence King Publishing
_c
2017
999
_c
13359
_d
13359